| 000 | 00503cam a2200193ua 4500 | ||
|---|---|---|---|
| 001 | 4031 | ||
| 008 | 111213n ii |||gr||||Z||||||asm | ||
| 020 | _a81-7339-105-X | ||
| 040 | _cMAIN | ||
| 082 | _a891.5411 | ||
| 100 | 1 | _aBorkataky, Biren, | |
| 245 | 1 | 1 |
_aIngraj ramanyasik kabir kabya pratibha _cby Biren Borkataky |
| 250 | _a3rd. | ||
| 260 |
_aDbrugarh: _bBanalata,995. |
||
| 300 |
_a140p: _c23cm. |
||
| 653 | _aAssamese poetry | ||
| 653 | _aIngraj ramanyasik kabir kabya pratibha | ||
| 942 | _cBK | ||
| 999 |
_c3853 _d3853 |
||